| 000 | 00000nam 2200000za 4500 |
| 001 | 9.602975 |
| 003 | CaOODSP |
| 005 | 20210913133737 |
| 007 | cr ||||||||||| |
| 008 | 150406s2007||||xxc|||||o f|0| 0 fre d |
| 040 | |aCaOODSP|bfre |
| 043 | |an-cn--- |
| 086 | 1 |aFs70-4/2007-005F-PDF |
| 100 | 1 |aMeasures, Lena N. |
| 245 | 10|aCompte rendu de l'atelier sur le béluga de l'estuaire du Saint-Laurent – revue du programme des carcasses |h[ressource électronique] : |b14 au 17 novembre 2005, Mont-Joli / |c[par] Lena Measures. |
| 260 | |aMont-Joli - Québec : |bPêches et Océans Canada |cMai 2007. |
| 300 | |a104 p. : |btableaux |
| 490 | 1 |aSecrétariat canadien de consultation scientifique, série des comptes rendus|v2007/005 |
| 504 | |aBibliographie. |
| 546 | |aEn français avec sommaire bilingue. |
| 590 | |a11-31-Supp|b2011-12-13 |
| 710 | 1 |aCanada. |bMinistère des pêches et des océans. |
| 775 | 08|tProceedings of the workshop on the St. Lawrence Estuary beluga - review of carcass program : |w(CaOODSP)9.572632 |
| 830 | #0|aSecrétariat canadien de consultation scientifique série des comptes rendus ;|v2007/005. |w(CaOODSP)9.903220 |
| 856 | 40|ahttp://publications.gc.ca|qPDF|s617 Ko|uhttps://publications.gc.ca/collections/collection_2011/mpo-dfo/Fs70-4-2007-005-fra.pdf|y2007/005 |